01274nam a22002655a 4500999001700000003000900017005001700026008004100043040003800084082002400122100002700146245012600173260010400299300002500403490008600428504006300514541003300577650010100610650004600711651001000757653001900767700006100786942000800847952015300855 c27515d27486EG-ScBUE20190609123226.0190609s2018 ua grb 000 0 ara d aEG-ScBUEbaracEG-ScBUEdEG-ScBUE04a297.8bش و م2221 aشومان، عباس.10aنظرات في التجديد /cبقلم عباس شومان ؛ إشراف محيي الدين عفيفي أحمد. aالقاهرة :bالأزهر الشريف، مجمع البحوث الإسلامية،c2018. a543 ص. ؛c24 سم.0 aمجمع البحوث الإسلامية.aالسلسلة العلمية ؛v49 aيشتمل على إرجاعات ببليوجرافية. aDr. Noha Gamal ;cDonation ; 7aالإسلامxحركات الإحياء والإصلاح والتجديد.2BUEsh922258 7aالإسلام والفلسفة.2BUEsh 2BUEsh bGGENcJune20191 aأحمد، محيي الدين عفيفي،eمشرف. 2ddc 00102ddc40708Donation-GaMAINbMAINcLOWd2019-06-09eDonationo297.8 ش و مp000047910r2025-07-15 00:00:00xDonation from Dr. Noha GamalyBB